000 00353 a2200109 4500
001 ART_11548
005 20260410161858.0
008 260409a
245 1 0 _aTransport pricing policies and efficient urban growth
100 1 _aGlaister, Stephen
773 0 _tJournal of public economics
_g- Vol. 5, NÂș 1/2 (ene./feb. 1976)
_wREV11485
999 _c25629
_d25629